|
|
|
|
| LEADER |
00000nam a22000007a 4500 |
| 005 |
20141229230830.0 |
| 007 |
cr|||| |||| |
| 008 |
141229s2014 es |||||s|||| 00||0 spa d |
| 020 |
|
|
|a 978-84-9085-100-5
|
| 035 |
|
|
|a 12532
|
| 040 |
|
|
|a vLex
|
| 090 |
|
|
|c 5309
|d 5309
|
| 100 |
1 |
|
|a Brandariz Garca̕, Jos ̌ℓngel
|
| 245 |
1 |
3 |
|a El Gobierno de la Penalidad
|h [Recurso electrn̤ico] /
|c Jos ̌ℓngel Brandariz Garca̕
|
| 256 |
|
|
|a Servicio en ln̕ea
|
| 260 |
|
|
|a Madrid:
|b Dykinson,
|c 2014
|
| 300 |
|
|
|a 1 recurso electrn̤ico
|
| 500 |
|
|
|a La complejidad de la Polt̕ica criminal contemporǹea.
|
| 506 |
1 |
|
|a Disponible solo en los productos indicados
|d vLex Global
|d vLex Global (Academic Edition, excluding Law Schools)
|d vLex Global (U.S. Academic Edition, Law Schools)
|d vLex Global (U.S. Academic Edition, excluding Law Schools)
|d vLex Global (Academic Edition, Law Schools)
|
| 650 |
0 |
4 |
|a Derecho Penal
|z Espaą
|
| 650 |
0 |
4 |
|a Derecho Pb︢lico y Administrativo
|z Espaą
|
| 740 |
0 |
|
|a vLex Libros (Servicio en ln̕ea)
|
| 856 |
4 |
0 |
|u http://vlex.com/source/gobierno-penalidad-12532
|z Acceso restringido
|
| 942 |
|
|
|c BOOK
|
| 999 |
0 |
|
|a Criminal Law
|
| 999 |
0 |
|
|a Public and Administrative Law
|